[Event "78. C.to Provinciale VE"]
[Site "Mestre Capablanca ITA"]
[Date "2018.01.26"]
[Round "1.1"]
[White "Gallo, Enrico"]
[Black "Marcucci, Michele"]
[Result "1-0"]
[WhiteElo "2100"]
[BlackElo "1684"]
[Annotator "Gabriele Ballarin"]
[PlyCount "103"]
[EventDate "2018.01.26"]
[EventType "swiss"]
[EventRounds "5"]
[EventCountry "ITA"]

1. e4 e5 2. Nf3 Nc6 3. Bb5 a6 4. Ba4 Nf6 5. d3 d6 6. c3 Be7 7. O-O O-O 8. h3 b5 9. Bc2 Bb7 10. a4 Na5 11. b4 Nc6 12. axb5 axb5 13. Rxa8 Bxa8 14. Na3 Qb8 15. Bb3 Nd8 16. Nc2 c5 17. Nh4 g6 18. Bh6 Re8 19. bxc5 dxc5 20. Qf3 Qb6 21. Bg5 Nh5 22. Bxe7 Rxe7 23. Nf5 Rd7 24. Ra1 Bb7 25. Nce3 Nf4 26. Nh6+ Kg7 27. Nhg4 Nxd3 28. Bc2 h5 29. Bxd3 hxg4 30. Nxg4 f6 31. Qe3 g5 32. Rb1 Qc6 33. Rxb5 c4 34. Rc5 cxd3 35. Rxc6 d2 36. Rxf6 d1=Q+ 37. Kh2 Qd2 38. Qb6 Nc6 39. Rxc6 Bxc6 40. Qxc6 Qd6 41. Qb5 Rc7 42. Qb8 Rd7 43. Qe8 Re7 44. Qc8 Qd2 45. Qc5 Kf7 46. Nxe5+ Ke6 47. Nc6 Rf7 48. Nd4+ Kd7 49. Qc6+ Kd8 50. Qd6+ Rd7 51. Ne6+ Ke8 52. Qf8# 1-0

[Event "78. C.to Provinciale VE"]
[Site "Mestre Capablanca ITA"]
[Date "2018.01.26"]
[Round "1.2"]
[White "Filippi, Giulio"]
[Black "Litrico, Paolo"]
[Result "0-1"]
[WhiteElo "1598"]
[BlackElo "1897"]
[Annotator "Gabriele Ballarin"]
[PlyCount "62"]
[EventDate "2018.01.26"]
[EventType "swiss"]
[EventRounds "5"]
[EventCountry "ITA"]

1. b4 d5 2. Bb2 Bf5 3. e3 e6 4. Nf3 Nf6 5. a3 Bd6 6. Be2 Nbd7 7. d3 e5 8. Nbd2 Qe7 9. c4 c6 10. cxd5 cxd5 11. Rc1 O-O 12. Nb3 Rfc8 13. O-O b6 14. Rc2 Nf8 15. Qd2 Rxc2 16. Qxc2 Rc8 17. Qd2 Ng6 18. Rc1 Rxc1+ 19. Qxc1 Bd7 20. Nbd2 e4 21. Bxf6 gxf6 22. dxe4 dxe4 23. Nd4 f5 24. Nc6 Qe8 25. Nd4 f4 26. Nc4 Bb8 27. Qd1 Qc8 28. f3 b5 29. Nb2 Qc3 30. Nxb5 Qxb2 31. Qxd7 Qxe2 0-1

[Event "78. C.to Provinciale VE"]
[Site "Mestre Capablanca ITA"]
[Date "2018.01.26"]
[Round "1.3"]
[White "Marson, Luca"]
[Black "Rizzo, Nicodemo"]
[Result "1-0"]
[WhiteElo "1897"]
[BlackElo "1587"]
[Annotator "Gabriele Ballarin"]
[PlyCount "61"]
[EventDate "2018.01.26"]
[EventType "swiss"]
[EventRounds "5"]
[EventCountry "ITA"]

1. e4 d5 2. exd5 Qxd5 3. Nc3 Qa5 4. d4 c6 5. Nf3 Nf6 6. Bd3 Bf5 7. O-O e6 8. Re1 Be7 9. Bxf5 Qxf5 10. Re5 Qg6 11. Rg5 Qh6 12. Rb5 Qxc1 13. Qxc1 cxb5 14. Nxb5 Na6 15. Qf4 Nd5 16. Qg3 O-O 17. c4 Nb6 18. b3 Nb4 19. h4 Bf6 20. Ne5 a6 21. Ng4 Be7 22. Nc3 Rac8 23. Rd1 Rfd8 24. h5 Nd7 25. h6 g6 26. d5 exd5 27. Nxd5 Nxd5 28. Rxd5 Nf6 29. Qc3 Nh5 30. Rxh5 Rd1+ 31. Kh2 1-0

[Event "78. C.to Provinciale VE"]
[Site "Mestre Capablanca ITA"]
[Date "2018.01.26"]
[Round "1.4"]
[White "Marson, Roy"]
[Black "Ballarin, Gabriele"]
[Result "0-1"]
[WhiteElo "1209"]
[BlackElo "1875"]
[Annotator "Gabriele Ballarin"]
[PlyCount "58"]
[EventDate "2018.01.26"]
[EventType "swiss"]
[EventRounds "5"]
[EventCountry "ITA"]

1. e4 d6 2. d4 Nf6 3. Nc3 Nbd7 4. Nf3 e5 5. d5 Be7 6. Be2 h6 7. Be3 c6 8. Qd2 Ng4 9. h3 Nxe3 10. Qxe3 Nf6 11. Rd1 Qc7 12. dxc6 bxc6 13. O-O g5 14. g4 Be6 15. Kg2 Nh7 16. h4 Bxg4 17. hxg5 Bxf3+ 18. Qxf3 Rg8 19. Rh1 Bxg5 20. Qf5 Nf8 21. Kf1 Ne6 22. Bc4 Rg6 23. Bxe6 Rxe6 24. Qf3 Qb6 25. Rb1 Rf6 26. Qg2 Rb8 27. Nd1 Qa6+ 28. Kg1 Rg6 29. Qf3 Bf4+ 0-1

[Event "78. C.to Provinciale VE"]
[Site "Mestre Capablanca ITA"]
[Date "2018.01.26"]
[Round "1.5"]
[White "Toniolo, Samuel"]
[Black "Corti, Lorenzo"]
[Result "1-0"]
[WhiteElo "1863"]
[BlackElo "1178"]
[Annotator "Gabriele Ballarin"]
[PlyCount "53"]
[EventDate "2018.01.26"]
[EventType "swiss"]
[EventRounds "5"]
[EventCountry "ITA"]

1. e4 d6 2. d4 Nf6 3. Nc3 g6 4. f4 Bg7 5. Nf3 O-O 6. Bd3 Nbd7 7. O-O c5 8. d5 Qb6 9. Kh1 Re8 10. Nd2 e5 11. Nc4 Qc7 12. Nb5 Qb8 13. Nbxd6 Re7 14. a4 a6 15. fxe5 Nxe5 16. Nxc8 Qxc8 17. Nb6 Qd8 18. Nxa8 Qxa8 19. Bg5 Ned7 20. Qe1 Qb8 21. Qh4 Qe5 22. Rf3 Re8 23. Raf1 Nxe4 24. Bxe4 Qxe4 25. Re3 Qxh4 26. Rxe8+ Bf8 27. Bxh4 1-0

[Event "78. C.to Provinciale VE"]
[Site "Mestre Capablanca ITA"]
[Date "2018.01.26"]
[Round "1.6"]
[White "Maxim, Stefan"]
[Black "Stefan, Marco"]
[Result "0-1"]
[WhiteElo "1395"]
[BlackElo "1841"]
[Annotator "Gabriele Ballarin"]
[PlyCount "62"]
[EventDate "2018.01.26"]
[EventType "swiss"]
[EventRounds "5"]
[EventCountry "ITA"]

1. e4 c5 2. Nf3 d6 3. d4 cxd4 4. Nxd4 Nf6 5. Nc3 a6 6. Bg5 e6 7. f4 Be7 8. Qd2 b5 9. O-O-O Bb7 10. e5 dxe5 11. fxe5 Nd5 12. Bxe7 Qxe7 13. Nf3 O-O 14. Bd3 Nd7 15. h4 Rac8 16. Ne4 Nc5 17. Qg5 Qxg5+ 18. Nexg5 Nxd3+ 19. Rxd3 h6 20. Nh3 Nb4 21. Rb3 Nxc2 22. Kb1 Be4 23. Nf2 Bh7 24. g4 Nd4+ 25. Ka1 Nxb3+ 26. axb3 Rc2 27. Nd1 Rc1+ 28. Ka2 b4 29. Nd4 Bb1+ 30. Ka1 Be4+ 31. Ka2 Bxh1 0-1

[Event "78. C.to Provinciale VE"]
[Site "Mestre Capablanca ITA"]
[Date "2018.01.26"]
[Round "1.7"]
[White "Belloni, Umberto"]
[Black "Marson, Eva Jane"]
[Result "1-0"]
[WhiteElo "1715"]
[BlackElo "1380"]
[Annotator "Gabriele Ballarin"]
[PlyCount "89"]
[EventDate "2018.01.26"]
[EventType "swiss"]
[EventRounds "5"]
[EventCountry "ITA"]

1. d4 d5 2. c3 Nc6 3. Bf4 Bf5 4. Nf3 Nf6 5. e3 e6 6. Bb5 Bd6 7. Bg5 O-O 8. Bd3 Bg6 9. Bf4 Qd7 10. Qc2 Rfe8 11. Bxg6 fxg6 12. Nbd2 Bxf4 13. exf4 Qd6 14. Ne5 Rad8 15. f3 b5 16. b4 a5 17. a3 a4 18. Qd3 g5 19. Qxb5 Ne7 20. fxg5 Nd7 21. f4 Nf5 22. Qe2 Nh4 23. g3 Ng6 24. Ndf3 Re7 25. Nxg6 hxg6 26. O-O Nb6 27. Ne5 Ree8 28. Qd3 Qf8 29. Qxg6 Qf5 30. Qxf5 exf5 31. Rfe1 Re6 32. Kf2 Rde8 33. h3 R8e7 34. g4 fxg4 35. hxg4 Nc4 36. Nxc4 dxc4 37. Rxe6 Rxe6 38. Re1 Kf7 39. Rxe6 Kxe6 40. Kf3 Kd5 41. f5 Kd6 42. b5 Ke7 43. Kf4 Kf7 44. Ke5 g6 45. Kd5 1-0

[Event "78. C.to Provinciale VE"]
[Site "Mestre Capablanca ITA"]
[Date "2018.01.27"]
[Round "2.1"]
[White "Ballarin, Gabriele"]
[Black "Gallo, Enrico"]
[Result "0-1"]
[WhiteElo "1875"]
[BlackElo "2100"]
[Annotator "Gabriele Ballarin"]
[PlyCount "86"]
[EventDate "2018.01.26"]
[EventType "swiss"]
[EventRounds "5"]
[EventCountry "ITA"]

1. d3 d5 2. Nd2 e5 3. Ngf3 Nc6 4. e4 Nf6 5. Be2 Bc5 6. c3 a5 7. a4 O-O 8. h3 h6 9. Qc2 Be6 10. g4 Nh7 11. Nf1 f6 12. Ng3 Qe8 13. Nf5 Kh8 14. h4 Qf7 15. Bd2 Rad8 16. Qc1 Rd7 17. Be3 Bxe3 18. Qxe3 Rfd8 19. Qc5 Nf8 20. h5 dxe4 21. dxe4 Bb3 22. Qb5 Bc2 23. Bc4 Rd1+ 24. Rxd1 Rxd1+ 25. Ke2 Qd7 26. Rxd1 Qxd1+ 27. Ke3 Qc1+ 28. Nd2 Bxe4 29. Kxe4 Qxd2 30. Qxb7 Qf4+ 31. Kd3 Qf3+ 32. Kc2 Qxf2+ 33. Kc1 Qf4+ 34. Kb1 Qxc4 35. Qxc7 Qxg4 36. Nd6 Qd7 37. Nf7+ Kg8 38. Nxh6+ gxh6 39. Qb6 Qd1+ 40. Ka2 Qxa4+ 41. Kb1 Qe4+ 42. Ka1 Qd5 43. b4 axb4 0-1

[Event "78. C.to Provinciale VE"]
[Site "Mestre Capablanca ITA"]
[Date "2018.01.27"]
[Round "2.2"]
[White "Litrico, Paolo"]
[Black "Belloni, Umberto"]
[Result "1-0"]
[WhiteElo "1897"]
[BlackElo "1715"]
[Annotator "Gabriele Ballarin"]
[PlyCount "53"]
[EventDate "2018.01.26"]
[EventType "swiss"]
[EventRounds "5"]
[EventCountry "ITA"]

1. d4 d5 2. c4 c6 3. Nf3 a6 4. c5 Bf5 5. Bf4 Nf6 6. Qb3 Qc8 7. h3 Nbd7 8. e3 h6 9. Be2 Ne4 10. Nc3 e6 11. Na4 Nef6 12. Ne5 Nxe5 13. Nb6 Qd8 14. Nxa8 Qxa8 15. Bxe5 Nd7 16. Bh2 Be7 17. a4 O-O 18. a5 Re8 19. O-O f6 20. Bh5 g6 21. Bf3 Bf8 22. Rfe1 Kg7 23. e4 dxe4 24. Bxe4 Bxe4 25. Rxe4 Bxc5 26. Rae1 Bxd4 27. Rxd4 1-0

[Event "78. C.to Provinciale VE"]
[Site "Mestre Capablanca ITA"]
[Date "2018.01.27"]
[Round "2.3"]
[White "Stefan, Marco"]
[Black "Marson, Luca"]
[Result "1-0"]
[WhiteElo "1841"]
[BlackElo "1897"]
[Annotator "Gabriele Ballarin"]
[PlyCount "93"]
[EventDate "2018.01.26"]
[EventType "swiss"]
[EventRounds "5"]
[EventCountry "ITA"]

1. e4 c5 2. Nf3 d6 3. d4 cxd4 4. Nxd4 Nf6 5. Nc3 g6 6. Be3 Bg7 7. Qd2 Ng4 8. O-O-O Nxe3 9. Qxe3 O-O 10. Bc4 Nc6 11. Nxc6 bxc6 12. Rhe1 Qa5 13. a3 Rb8 14. f4 Be6 15. Bxe6 fxe6 16. e5 d5 17. Rd4 c5 18. Ra4 Qb6 19. Nd1 Rb7 20. Qd2 Bh6 21. g3 Qc6 22. Qa5 Rc8 23. Nf2 Rcc7 24. Nd3 g5 25. Kb1 gxf4 26. Nxf4 Rb5 27. Qa6 Rb6 28. Qa5 d4 29. Rc4 Ra6 30. Qd2 Qb5 31. Qe2 Rb7 32. b3 Rxa3 33. Qg4+ Kh8 34. Qxe6 Rxb3+ 35. Kc1 Rb1+ 36. Kd2 Qa5+ 37. Kd3 Qa3+ 38. c3 Bxf4 39. Qc8+ Kg7 40. Qg4+ Kf7 41. e6+ Kf6 42. Qxf4+ Kg6 43. Qg4+ Kh6 44. Re5 Rd1+ 45. Qxd1 dxc3 46. Qh5+ Kg7 47. Rg4+ 1-0

[Event "78. C.to Provinciale VE"]
[Site "Mestre Capablanca ITA"]
[Date "2018.01.27"]
[Round "2.4"]
[White "Civitareale, Alberto"]
[Black "Cappelletto, Joshuaede"]
[Result "0-1"]
[WhiteElo "1711"]
[BlackElo "1891"]
[Annotator "Gabriele Ballarin"]
[PlyCount "100"]
[EventDate "2018.01.26"]
[EventType "swiss"]
[EventRounds "5"]
[EventCountry "ITA"]

1. e4 g6 2. d4 Bg7 3. Nf3 d6 4. Bc4 Nc6 5. O-O Bg4 6. c3 e5 7. dxe5 Bxf3 8. Qxf3 Nxe5 9. Qe2 Nf6 10. Bf4 O-O 11. Bxe5 dxe5 12. Nd2 Qe7 13. Rad1 Nh5 14. g3 Rad8 15. Nf3 c6 16. Rxd8 Rxd8 17. Rd1 Rd6 18. Rxd6 Qxd6 19. Qd3 Qe7 20. Qe3 b5 21. Bb3 h6 22. Nh4 Kh7 23. c4 Nf4 24. Nf3 Ne6 25. cxb5 cxb5 26. Bxe6 Qxe6 27. Qxa7 Qc4 28. Qb7 Qxa2 29. Qxb5 Qb1+ 30. Kg2 Qxe4 31. Qb3 f5 32. Qe3 Qd5 33. Qd2 Qb7 34. Qe2 g5 35. Kg1 e4 36. Ne1 Qxb2 37. Qxb2 Bxb2 38. Nc2 Kg6 39. Kg2 f4 40. g4 h5 41. h3 hxg4 42. hxg4 Kf6 43. Kf1 Ke5 44. Ke2 f3+ 45. Kd2 Kf4 46. Ne3 Bd4 47. Nd5+ Kxg4 48. Ke1 Kh3 49. Kf1 g4 50. Kg1 g3 0-1

[Event "78. C.to Provinciale VE"]
[Site "Mestre Capablanca ITA"]
[Date "2018.01.27"]
[Round "2.5"]
[White "Marcucci, Michele"]
[Black "Maxim, Stefan"]
[Result "1/2-1/2"]
[WhiteElo "1684"]
[BlackElo "1395"]
[Annotator "Gabriele Ballarin"]
[PlyCount "65"]
[EventDate "2018.01.26"]
[EventType "swiss"]
[EventRounds "5"]
[EventCountry "ITA"]

1. d4 e6 2. Nf3 d5 3. c4 Nf6 4. Nc3 dxc4 5. e4 Nc6 6. Bxc4 Bb4 7. e5 Bxc3+ 8. bxc3 Nd5 9. Qc2 h6 10. Ba3 a6 11. O-O b5 12. Bb3 Bb7 13. Bc5 Na5 14. a4 Nb6 15. axb5 Bxf3 16. Rxa5 Qg5 17. g3 Qg4 18. Qd3 Be2 19. f3 Bxd3 20. fxg4 Bxf1 21. Kxf1 Kd7 22. bxa6 Rhb8 23. a7 Rb7 24. Ba4+ Nxa4 25. Rxa4 Rb1+ 26. Kg2 Rb2+ 27. Kh3 Kc6 28. Bf8 Kb5 29. Ra3 Kc4 30. Bxg7 Rb3 31. Ra4+ Kxc3 32. Bxh6 Rb4 33. Ra1 1/2-1/2

[Event "78. C.to Provinciale VE"]
[Site "Mestre Capablanca ITA"]
[Date "2018.01.27"]
[Round "2.6"]
[White "Marson, Eva Jane"]
[Black "Filippi, Giulio"]
[Result "1/2-1/2"]
[WhiteElo "1380"]
[BlackElo "1598"]
[Annotator "Gabriele Ballarin"]
[PlyCount "83"]
[EventDate "2018.01.26"]
[EventType "swiss"]
[EventRounds "5"]
[EventCountry "ITA"]

1. e4 c6 2. d4 d5 3. Nc3 dxe4 4. Nxe4 Bf5 5. Nc3 e6 6. Bd3 Bxd3 7. Qxd3 Nf6 8. Nf3 Bd6 9. Ne5 Nbd7 10. Bf4 Bxe5 11. Bxe5 Nxe5 12. dxe5 Nd5 13. O-O O-O 14. Rad1 Qg5 15. Rde1 Rad8 16. a3 Nf4 17. Qg3 Qxg3 18. fxg3 Nd5 19. Ne4 f6 20. exf6 Nxf6 21. Nxf6+ Rxf6 22. Rxf6 gxf6 23. Rxe6 Rd2 24. Re7 Rxc2 25. Rxb7 a5 26. Kf1 h6 27. b4 axb4 28. axb4 Rb2 29. h4 c5 30. b5 c4 31. Rb8+ Kg7 32. Rc8 Rxb5 33. Rxc4 Rf5+ 34. Rf4 Kg6 35. Rxf5 Kxf5 36. Kf2 Kg4 37. Ke3 Kxg3 38. Ke4 Kxh4 39. Kf5 h5 40. Kxf6 Kg4 41. Kg6 h4 42. Kh6 1/2-1/2

[Event "78. C.to Provinciale VE"]
[Site "Mestre Capablanca ITA"]
[Date "2018.01.27"]
[Round "2.7"]
[White "Rizzo, Nicodemo"]
[Black "Marson, Roy"]
[Result "0-1"]
[WhiteElo "1587"]
[BlackElo "1209"]
[Annotator "Gabriele Ballarin"]
[PlyCount "46"]
[EventDate "2018.01.26"]
[EventType "swiss"]
[EventRounds "5"]
[EventCountry "ITA"]

1. d4 d5 2. c4 Nc6 3. e3 Nf6 4. Nf3 Bg4 5. Be2 e6 6. Nc3 Bb4 7. a3 Bxc3+ 8. bxc3 O-O 9. O-O Na5 10. Ne5 Bxe2 11. Qxe2 Ne4 12. cxd5 Qxd5 13. c4 Qd6 14. Qc2 Nf6 15. Bd2 Nc6 16. Bc3 Nxe5 17. dxe5 Qc6 18. exf6 Qxc4 19. fxg7 Rfd8 20. Rfd1 f6 21. Qb2 Qa4 22. Rd2 e5 23. Rad1 Qxd1+ 0-1

[Event "78. C.to Provinciale VE"]
[Site "Mestre Capablanca ITA"]
[Date "2018.01.27"]
[Round "3.1"]
[White "Gallo, Enrico"]
[Black "Litrico, Paolo"]
[Result "1/2-1/2"]
[WhiteElo "2100"]
[BlackElo "1897"]
[Annotator "Gabriele Ballarin"]
[PlyCount "61"]
[EventDate "2018.01.26"]
[EventType "swiss"]
[EventRounds "5"]
[EventCountry "ITA"]

1. e4 e5 2. Nf3 Nc6 3. Bc4 Bc5 4. d3 Nf6 5. c3 O-O 6. b4 Bb6 7. O-O h6 8. Nbd2 d5 9. Bb3 Bg4 10. h3 Bh5 11. b5 Na5 12. Ba3 Re8 13. exd5 Nxd5 14. Bxd5 Qxd5 15. Qc2 Rad8 16. Ne1 c5 17. c4 Qd7 18. Ne4 Qe7 19. g3 Bg6 20. Kh2 f5 21. Nc3 e4 22. Nd5 Qf7 23. Ng2 exd3 24. Qxd3 Nxc4 25. Qxc4 Qxd5 26. Qxd5+ Rxd5 27. Nf4 Rd6 28. Rac1 Bf7 29. Bxc5 Bxc5 30. Rxc5 Bxa2 31. Rxf5 1/2-1/2

[Event "78. C.to Provinciale VE"]
[Site "Mestre Capablanca ITA"]
[Date "2018.01.27"]
[Round "3.2"]
[White "Cappelletto, Joshuaede"]
[Black "Stefan, Marco"]
[Result "1/2-1/2"]
[WhiteElo "1891"]
[BlackElo "1841"]
[Annotator "Gabriele Ballarin"]
[PlyCount "126"]
[EventDate "2018.01.26"]
[EventType "swiss"]
[EventRounds "5"]
[EventCountry "ITA"]

1. e4 c5 2. Nc3 e6 3. Nf3 a6 4. d4 cxd4 5. Nxd4 Bb4 6. a3 Bxc3+ 7. bxc3 d6 8. Bd3 Nf6 9. O-O e5 10. Nb3 Be6 11. c4 Nbd7 12. Kh1 Rc8 13. Qe2 Qc7 14. Nd2 Nb6 15. f4 exf4 16. Bb2 Nxc4 17. Nxc4 Bxc4 18. e5 Bxd3 19. Qxd3 dxe5 20. Bxe5 Qxc2 21. Qd4 O-O 22. Bxf6 gxf6 23. Qxf4 Rc5 24. Rf3 Rd8 25. Raf1 Rd1 26. Qb8+ Rc8 27. Qxb7 Rxf1+ 28. Rxf1 Qc6 29. Qb4 Qc4 30. Qe1 Qc3 31. Qe2 Qc4 32. Qf3 Qc3 33. Qe2 Qc4 34. Qf2 Qc3 35. h3 Re8 36. a4 Qe5 37. Qxf6 Qxf6 38. Rxf6 Re6 39. Rf5 Kg7 40. Kh2 Kg6 41. g4 Re3 42. Kg2 h6 43. Ra5 Re6 44. Kf3 Rf6+ 45. Ke4 Re6+ 46. Kf4 Rf6+ 47. Rf5 Rxf5+ 48. gxf5+ Kh5 49. Ke5 Kg5 50. a5 h5 51. f6 h4 52. Ke4 Kxf6 53. Kf4 Ke6 54. Kg5 Ke5 55. Kxh4 Kf4 56. Kh5 Kg3 57. h4 f5 58. Kg6 f4 59. h5 f3 60. h6 f2 61. h7 f1=Q 62. h8=Q Qd3+ 63. Kf7 Qd5+ 1/2-1/2

[Event "78. C.to Provinciale VE"]
[Site "Mestre Capablanca ITA"]
[Date "2018.01.27"]
[Round "3.3"]
[White "Marson, Luca"]
[Black "Belloni, Umberto"]
[Result "1-0"]
[WhiteElo "1897"]
[BlackElo "1715"]
[Annotator "Gabriele Ballarin"]
[PlyCount "54"]
[EventDate "2018.01.26"]
[EventType "swiss"]
[EventRounds "5"]
[EventCountry "ITA"]

1. e4 e6 2. d3 d5 3. Nd2 Nf6 4. Ngf3 dxe4 5. dxe4 Be7 6. Bd3 g6 7. O-O O-O 8. Ne5 Nbd7 9. Ndf3 Nxe5 10. Nxe5 Nd7 11. Ng4 Nf6 12. Bh6 Re8 13. e5 Nxg4 14. Qxg4 c5 15. Bb5 Rf8 16. Rad1 Qc7 17. Bxf8 Bxf8 18. Qc4 Be7 19. Qf4 a6 20. Be8 f6 21. Rfe1 b5 22. Qg3 f5 23. Bxg6 hxg6 24. Qxg6+ Kf8 25. Rd3 Bh4 26. Qh6+ Qg7 27. Qxh4 Bb7 1-0

[Event "78. C.to Provinciale VE"]
[Site "Mestre Capablanca ITA"]
[Date "2018.01.27"]
[Round "3.5"]
[White "Marson, Roy"]
[Black "Toniolo, Samuel"]
[Result "1/2-1/2"]
[WhiteElo "1209"]
[BlackElo "1863"]
[Annotator "Gabriele Ballarin"]
[PlyCount "115"]
[EventDate "2018.01.26"]
[EventType "swiss"]
[EventRounds "5"]
[EventCountry "ITA"]

1. e4 c5 2. Nf3 d6 3. d4 cxd4 4. Nxd4 Nf6 5. Nc3 a6 6. Bc4 e6 7. Bg5 Be7 8. O-O b5 9. Bb3 O-O 10. Qd2 b4 11. Bxf6 Bxf6 12. Nce2 Qb6 13. c3 bxc3 14. Qxc3 Bb7 15. Qe3 Nc6 16. Rfd1 Rfd8 17. Rd3 Rac8 18. Nxe6 Qxe3 19. Rxe3 Re8 20. N6f4 Bxb2 21. Rb1 Be5 22. Nd3 Re7 23. Nxe5 dxe5 24. Rf3 Nd4 25. Rxf7 Rxf7 26. Bxf7+ Kxf7 27. Rxb7+ Kg8 28. Kf1 Nxe2 29. Kxe2 Rc2+ 30. Kf3 Rxa2 31. Re7 Ra5 32. Kg4 Kf8 33. Rd7 Ra2 34. Kg3 Ra4 35. Rd6 Ke7 36. Rb6 a5 37. f3 Rb4 38. Ra6 a4 39. Ra7+ Kf6 40. Kg4 Rb2 41. Rxa4 Rxg2+ 42. Kh3 Rg1 43. Ra6+ Kg5 44. Ra3 Kf4 45. Rb3 g5 46. Rc3 h5 47. Rb3 g4+ 48. fxg4 hxg4+ 49. Kh4 Kxe4 50. h3 g3 51. Rxg3 Rxg3 52. Kxg3 Kd3 53. Kf2 Kd2 54. Kf3 Kd3 55. Kf2 e4 56. Ke1 Ke3 57. h4 Kf4 58. Ke2 1/2-1/2

[Event "78. C.to Provinciale VE"]
[Site "Mestre Capablanca ITA"]
[Date "2018.01.27"]
[Round "3.6"]
[White "Filippi, Giulio"]
[Black "Civitareale, Alberto"]
[Result "0-1"]
[WhiteElo "1598"]
[BlackElo "1711"]
[Annotator "Gabriele Ballarin"]
[PlyCount "76"]
[EventDate "2018.01.26"]
[EventType "swiss"]
[EventRounds "5"]
[EventCountry "ITA"]

1. b4 d5 2. Bb2 Nf6 3. e3 e6 4. a3 Be7 5. Be2 O-O 6. d3 b6 7. Nf3 Bb7 8. O-O Nbd7 9. d4 c5 10. c4 cxb4 11. axb4 Bxb4 12. Ba3 Bxa3 13. Nxa3 dxc4 14. Nxc4 Ne4 15. Bd3 Ndf6 16. Nfd2 Nxd2 17. Nxd2 e5 18. dxe5 Qxd3 19. exf6 Qg6 20. f3 Qxf6 21. Ra4 Qc3 22. Qe2 Rfd8 23. Rd1 Rd3 24. Rc4 Rxe3 25. Rxc3 Rxe2 26. Rc7 Ba6 27. Nc4 Bxc4 28. Rxc4 Re7 29. Kf2 a5 30. Rb1 Rb8 31. Rb5 (31. Rxb6 $1) 31... f6 32. Rc6 Reb7 33. Rc4 Ra8 34. Ra4 Kf7 35. Ke3 Ke6 36. f4 Kd6 37. Kd4 Kc6 38. Kc4 Re8 0-1

[Event "78. C.to Provinciale VE"]
[Site "Mestre Capablanca ITA"]
[Date "2018.01.27"]
[Round "3.7"]
[White "Cremonese, Giulio"]
[Black "Marcucci, Michele"]
[Result "0-1"]
[WhiteElo "1389"]
[BlackElo "1684"]
[Annotator "Gabriele Ballarin"]
[PlyCount "118"]
[EventDate "2018.01.26"]
[EventType "swiss"]
[EventRounds "5"]
[EventCountry "ITA"]

1. d4 d5 2. Bf4 Nf6 3. e3 c6 4. Bd3 Qb6 5. Qc1 g6 6. Nd2 Bg7 7. Ngf3 Bg4 8. h3 Bxf3 9. Nxf3 Nbd7 10. O-O O-O 11. Rb1 c5 12. c3 Rac8 13. Re1 Ne4 14. Qc2 Ndf6 15. Ne5 Qe6 16. f3 Nd6 17. Qf2 c4 18. Bc2 Nd7 19. Nxd7 Qxd7 20. e4 e6 21. exd5 exd5 22. Qg3 Nf5 23. Bxf5 Qxf5 24. Rbc1 Rfe8 25. Rxe8+ Rxe8 26. Qf2 Qxf4 27. Rf1 Qe3 28. Qxe3 Rxe3 29. Kf2 Bh6 30. Rd1 Kf8 31. g3 Rd3 32. Rxd3 cxd3 33. Ke1 Ke7 34. h4 Be3 35. b3 a5 36. a4 d2+ 37. Kd1 Kd6 38. b4 axb4 39. cxb4 Bxd4 40. Kxd2 Bf2 41. g4 Bxh4 42. a5 Kc6 43. Kc3 Bf6+ 44. Kb3 Kb5 45. f4 h5 46. g5 Bd4 47. a6 bxa6 48. f5 gxf5 49. g6 fxg6 50. Kc2 h4 51. Kd3 Bg1 52. Ke2 h3 53. Kf1 h2 54. Kg2 f4 55. Kh1 Kxb4 56. Kg2 f3+ 57. Kh1 f2 58. Kg2 f1=Q+ 59. Kh1 Qf3# 0-1

[Event "78. C.to Provinciale VE"]
[Site "Mestre Capablanca ITA"]
[Date "2018.01.27"]
[Round "3.8"]
[White "Maxim, Stefan"]
[Black "Marson, Eva Jane"]
[Result "1/2-1/2"]
[WhiteElo "1395"]
[BlackElo "1380"]
[Annotator "Gabriele Ballarin"]
[PlyCount "97"]
[EventDate "2018.01.26"]
[EventType "swiss"]
[EventRounds "5"]
[EventCountry "ITA"]

1. d4 d5 2. Nc3 Nf6 3. Bf4 Bf5 4. Nb5 Na6 5. e3 e6 6. a3 Be7 7. Qd2 O-O 8. O-O-O c6 9. Nc3 Bd6 10. Bxa6 bxa6 11. Nge2 Rb8 12. h3 Rb7 13. g4 Bg6 14. g5 Ne4 15. Nxe4 Bxe4 16. Rh2 f6 17. gxf6 Rxf6 18. Ng3 Bxf4 19. exf4 Bf3 20. Re1 Qb6 21. c3 Rf8 22. b4 a5 23. Rxe6 axb4 24. cxb4 a5 25. f5 axb4 26. Qxb4 Qxb4 27. axb4 Rxb4 28. Re3 Rc4+ 29. Kd2 Rxd4+ 30. Kc3 Rc4+ 31. Kd3 Bd1 32. f3 g6 33. Rg2 Bb3 34. Ke2 Rc2+ 35. Kf1 Rxg2 36. Kxg2 Rb8 37. fxg6 hxg6 38. Re6 Bc2 39. Rxc6 Rb2 40. Rc8+ Kf7 41. Kf1 Bd3+ 42. Ke1 d4 43. Rd8 Rb1+ 44. Kd2 Rg1 45. Kxd3 Rxg3 46. Kxd4 Rxf3 47. Rd7+ Ke6 48. Rg7 Rxh3 49. Rxg6+ 1/2-1/2

[Event "78. C.to Provinciale VE"]
[Site "Mestre Capablanca ITA"]
[Date "2018.01.28"]
[Round "4.1"]
[White "Stefan, Marco"]
[Black "Gallo, Enrico"]
[Result "0-1"]
[WhiteElo "1841"]
[BlackElo "2100"]
[Annotator "Gabriele Ballarin"]
[PlyCount "120"]
[EventDate "2018.01.26"]
[EventType "swiss"]
[EventRounds "5"]
[EventCountry "ITA"]

1. e4 e6 2. d4 d5 3. exd5 exd5 4. Bd3 Nf6 5. h3 Be7 6. Nf3 O-O 7. O-O b6 8. Be3 c5 9. c3 Nc6 10. Nbd2 cxd4 11. Nxd4 Ne5 12. Be2 Bb7 13. Re1 Ng6 14. N2b3 Ne4 15. Nf5 Bf6 16. Bd4 Bxd4 17. Nbxd4 Qg5 18. Bf3 Ne5 19. Bxe4 dxe4 20. h4 Qf6 21. Re3 Kh8 22. Qe2 Rae8 23. Rg3 g6 24. Ne3 Qxh4 25. Ng4 Nxg4 26. Rxg4 Qh6 27. Qe3 Qxe3 28. fxe3 f5 29. Rh4 Kg7 30. g3 Rf6 31. Rf1 Ba6 32. Rf2 b5 33. Rhf4 h5 34. Rd2 Rc8 35. Nb3 Rc7 36. Rd4 Bc8 37. Rf2 Ra6 38. a3 Be6 39. Nd2 Rd7 40. Rxd7+ Bxd7 41. Nb3 Rd6 42. Nd4 a5 43. Kf1 Kf6 44. Ke1 Rb6 45. Nb3 b4 46. axb4 axb4 47. cxb4 Rxb4 48. Nd4 Kg5 49. Kf1 Bb5+ 50. Kg2 Bd3 51. Ne6+ Kf6 52. Nf4 Rb3 53. Nd5+ Ke5 54. Ne7 Rb6 55. Kh3 Bc4 56. Kh4 Kf6 57. Nc8 Rc6 58. Na7 Rc7 59. Rc2 g5+ 60. Kh3 Bf1+ 0-1

[Event "78. C.to Provinciale VE"]
[Site "Mestre Capablanca ITA"]
[Date "2018.01.28"]
[Round "4.2"]
[White "Litrico, Paolo"]
[Black "Marson, Luca"]
[Result "1-0"]
[WhiteElo "1897"]
[BlackElo "1897"]
[Annotator "Gabriele Ballarin"]
[PlyCount "65"]
[EventDate "2018.01.26"]
[EventType "swiss"]
[EventRounds "5"]
[EventCountry "ITA"]

1. d4 Nf6 2. Nf3 g6 3. Nc3 Bg7 4. e4 d6 5. Be3 O-O 6. Qd2 Ng4 7. Bg5 h6 8. h3 Nxf2 9. Qxf2 hxg5 10. Nxg5 Nd7 11. Qh4 Nf6 12. e5 dxe5 13. dxe5 Nh5 14. Be2 Bxe5 15. Bxh5 gxh5 16. Rd1 Qe8 17. O-O Qc6 18. Qxh5 Qg6 19. Qh4 c6 20. Nxf7 Bf6 21. Nh8 Qg7 22. Qb4 Kxh8 23. Rf3 Rg8 24. Rd2 Be6 25. Qxb7 Bxc3 26. bxc3 Bd5 27. Rf5 Qh7 28. Rdxd5 cxd5 29. Qxd5 Rad8 30. Qe5+ Rg7 31. Rh5 Rdg8 32. Rxh7+ Kxh7 33. Qh5# 1-0